00485nam a2200145Ia 4500008004100000041000800041082001200049100001900061245002900080260003100109300001900140520004400159999001700203952011900220240719s9999 xx 000 0 und d aeng a920 GUP aGupta, Shubhra aIrrfan: A Life in Movies aNew DehlibMacmillanc2023 a397;. P. 22 cm aFaculty Purchase By Dr. Jitendra Sharma c41458d41458 00104070aIMTNbIMTNcRack 43-Bd2023-10-31eAmazong579.00o920 GUPp33153r2024-07-19 00:00:00w2023-09-19yBK